|
|
|
|
| LEADER |
00000nab a2200000 a 4500 |
| 001 |
vtls010627075 |
| 003 |
SK-MaSNL |
| 005 |
20260305002326.0 |
| 008 |
141009c1972 xo r 000 00slo |
| 015 |
|
|
|a SNBRA2014/10SVKPO
|
| 038 |
|
|
|a SVKPO
|
| 040 |
|
|
|a SVKPOCL
|b slo
|c SVKPOCL
|e AACR2
|
| 041 |
0 |
|
|a slo
|
| 044 |
|
|
|a xo
|c SK
|
| 080 |
|
|
|a 81'1
|2 2001
|
| 080 |
|
|
|a 801.87
|2 2001
|
| 080 |
|
|
|a 81'28
|2 2001
|
| 080 |
|
|
|a 811.162.4'282
|2 2001
|
| 100 |
1 |
|
|a Buffa, Ferdinand,
|d 1926-2012
|4 aut
|9 99943
|
| 245 |
1 |
0 |
|a Šarišské nárečia II
|c Ferdinand Buffa
|
| 300 |
|
|
|a Mp. príl. (s. 258-289)
|
| 504 |
|
|
|a Bibliogr. odkazy v poznámkach
|
| 546 |
|
|
|a Res. rus., nem.
|
| 650 |
0 |
7 |
|a lingvistika
|2 svkpocl
|9 860
|
| 650 |
0 |
7 |
|a dialektológia
|2 svkpocl
|9 13485
|
| 650 |
0 |
7 |
|a šarišské nárečia
|2 svkpocl
|9 311381
|
| 651 |
|
7 |
|a Šariš (Slovensko : región)
|2 svkpocl
|9 87465
|
| 655 |
|
7 |
|a štúdie
|2 svkpocl
|9 57033
|
| 773 |
0 |
|
|t Nové obzory 14 : spoločenskovedný zborník východného Slovenska
|d Košice : Východoslovenské vydavateľstvo pre Múzeum Slovenskej republiky rád v Prešove, 1972
|g S. 169-289
|
| 852 |
|
|
|a SVKPO
|b KIS3GCP
|
| 958 |
|
|
|a SK
|
| 958 |
|
|
|a NB
|
| 999 |
|
|
|c 3224998
|d 3226928
|